000 00325nam a2200121Ia 4500
008 230524s9999 xx 000 0 und d
100 _a"Donald F. Kuratko, Richard M.Hodgetts"
245 0 _aEntrepreneurship In the New Millennium
260 _bCengage
500 _aQuantity Number: 5
650 _aManagement
942 _cBK
999 _c49647
_d49647